| 000 | 00664nam a22001937a 4500 | ||
|---|---|---|---|
| 999 |
_c172590 _d172590 |
||
| 005 | 20200207142434.0 | ||
| 010 | _aA-392481 | ||
| 020 | _c30.00 | ||
| 035 | _aA-392481 | ||
| 037 | _bBPPD/Pub. | ||
| 082 | _a921 | ||
| 100 | _aبلجیت سنگھ مطیر | ||
| 245 |
_aمالک محمد جایسی: _bحیات اور ادبی کارنامے / _cبلجیت سنگھ مطیر |
||
| 246 |
_aMalik Mohammad Jaisi: Hyat Aur Adabi Karnamey / _bby Baljit Singh Mateer |
||
| 260 |
_aHaryana _bKaya Publications _c1989 ء |
||
| 270 |
_a1/277, Patel Park, Bahadurgarh _bHaryana _e124507 |
||
| 300 |
_a104p. _c22cm(Hb) |
||
| 942 |
_2ddc _cUR _h921 _mم ل ک |
||